| 000 | 02078nam0a2200361 i 4500 | ||
|---|---|---|---|
| 001 | RU\NLR\BIBL_A\012338509 | ||
| 005 | 20241103115416.0 | ||
| 035 | _a(NLR Aleph) 012338509 | ||
| 090 |
_a11508496 _c11508496 |
||
| 100 | _a20200916d2017 km y0rusy50 ca | ||
| 101 | 0 | _arus | |
| 102 | _aRU | ||
| 105 | _aach|z|||100zy | ||
| 181 | 0 |
_ai _baxxe |
|
| 182 | 0 | _an | |
| 200 | 1 | _aМатериалы межрегиональной конференции "Духовные пастыри малой Родины: святые новомученики и исповедники Церкви Русской" в рамках международной православной выставки-ярмарки "Мир и клир" в Рыбинске, г. Рыбинск, 14-15 сентября 2017 г. | |
| 203 |
_aТекст _bвизуальный _cнепосредственный |
||
| 210 |
_aМосква _cВК "Узорочье" _d2017 |
||
| 215 |
_a62 с. _cил., портр., факс. _d30 |
||
| 320 | _aБиблиогр. в конце ст. | ||
| 606 | 1 |
_aСвятые православные русские _jСъезды, совещания и т.п _92175888 _3RU\NLR\AUTH\661308671 |
|
| 606 |
_aДуховенство православное _jСъезды, совещания и т.п _xРепрессии _z20 в. _92356112 _3RU\NLR\AUTH\6601629923 |
||
| 686 | 2 | _aЭ372.24-574.3я431 | |
| 686 | 2 | _aЭ372.24-37-63я431 | |
| 710 | 1 | 2 |
_a"Духовные пастыри малой Родины: святые новомученики и исповедники Церкви Русской", межрегиональная конференция _eРыбинск _f2017 _9715679 _3RU\NLR\AUTH\880527019 |
| 711 | 1 | 2 |
_a"Мир и клир", международная православная выставка-ярмарка _d1 _eРыбинск _f2017 _9715682 _3RU\NLR\AUTH\880527021 |
| 942 | _cBOOK | ||
| 980 | _aNBR | ||